| 000 | 01021nac a22002531u 4500 | ||
|---|---|---|---|
| 010 | _a 2002042991 | ||
| 020 | _a1587991659 (alk. paper) | ||
| 082 | 0 | 0 |
_a658.4 _bAu41 |
| 090 |
_c2499 _d2499 |
||
| 100 | _aAugar, Philip. | ||
| 245 | 1 | 0 |
_aPlayer manager : _bthe rise of professionals who manage while they work / _cPhilip Augar and Joy Palmer. |
| 260 |
_aNew York : _bThompson/Texere, _c2003. |
||
| 300 |
_axv, 236 p. ; _c25 cm. |
||
| 500 | _aFirst published as: The rise of the player manager. London : Penguin, 2002. | ||
| 500 | _aShuaa. | ||
| 504 | _aIncludes bibliographical references (p. 223-227) and index. | ||
| 650 | 0 | _aProfessional employees. | |
| 650 | 0 | _aExecutives. | |
| 650 | 0 | _aCross-functional teams. | |
| 700 | 1 |
_aPalmer, Joy, _d1957- |
|
| 856 | 4 | 1 |
_3Table of contents _uhttp://www.loc.gov/catdir/toc/fy042/2002042991.html |
| 942 |
_cBB _k658.4Au41 |
||
| 999 |
_c2499 _d2499 |
||